Statistics for One Direction Quiz (for Directioners Only!)

Click here to take the quiz!

General Stats

  • This quiz has been taken 182 times
  • The average score is 8 of 15

Answer Stats

Hint Answer % Correct
oldest member?Louis
98%
Which member has no sisters?Niall
87%
Harry's sister's name?Gemma
76%
Most Recent Album?Four
69%
harry's first word?cat
65%
Zayn's girlfriend?Perrie Edwards
63%
niall's birthday?September 13
61%
First American Single?What Makes You Beautiful
59%
Harry's character in BSE?Marcel
55%
Liam's character in BSE?Leeroy
51%
Zayn's character in BSE?Veronica
44%
Liam's dog?Loki
29%
Louis' younger brother's name?Ernest
28%
Niall's character in BSE?Harvey
23%
Louis' character in BSE?Jonny
15%

Score Distribution

Percentile by Number Answered

Percent of People with Each Score

Your Score History

You have not taken this quiz